Multiple Choice City Quiz – Winnipeg - Statistics

General Stats
  • This quiz has been taken 10 times
  • The average score is 7 of 10
Answer Stats
Question Answer % Correct
Winnipeg is the capital of which Canadian province? Manitoba
100%
Winnipeg is also the name of a nearby... Lake
89%
What is the name of Winnipeg's professional ice hockey team? Winnipeg Jets
89%
What major river flows through Winnipeg? Red River
78%
What is the name of Winnipeg's French-speaking area, known for the Festival du Voyageur? Saint Boniface
78%
Which picture depicts a famous bridge in Winnipeg?
67%
"If Day" was a staged invasion of Winnipeg, meant to raise money for what war? World War II
56%
Which of these statements about Winnipeg is true? Its name is the origin of the name "Winnie-the-Pooh"
44%
What popular Canadian rock band was founded in Winnipeg? The Guess Who
44%
Which of these celebrities was NOT born in Winnipeg? Neil Young
22%
No matching quizzes found
Score Distribution
Percent of People with Each Score
Percentile by Number Answered
Your Score History
You have not taken this quiz